Tilastot visalle Valtiot, joilla on yksi naapurimaa

Klikkaa tästä pelataksesi tätä visaa!

Yleistilastot

  • Tätä visaa on pelattu 2 110 kertaa
  • Keskiarvotulos 10 / 17

Vastaustilastot

NaapurimaaValtio% Oikein
YhdysvallatKanada
90%
Pohjois-KoreaEtelä-Korea
77%
ItaliaVatikaani
75%
Yhdistynyt kuningaskuntaIrlanti
75%
EspanjaPortugali
73%
ItaliaSan Marino
70%
IrlantiYhdistynyt kuningaskunta
68%
SaksaTanska
64%
Etelä-AfrikkaLesotho
59%
RanskaMonaco
58%
Dominikaaninen tasavaltaHaiti
55%
IndonesiaPapua-Uusi-Guinea
54%
HaitiDominikaaninen tasavalta
48%
Saudi-ArabiaQatar
41%
IndonesiaItä-Timor
40%
MalesiaBrunei
36%
SenegalGambia
33%

Tulosjakauma

Persentiili vastausten määrän mukaan

Jokaisen tuloksen saaneiden osuus

Tuloshistoriasi

Et ole pelannut tätä visaa